| 000 | 01640njm a2200349Ia 4500 | ||
|---|---|---|---|
| 001 | 24660 | ||
| 003 | IT-RoPAU | ||
| 005 | 20220918181109.0 | ||
| 008 | 131025s9999 xx 000 0 und d | ||
| 040 | _aIT-RoPAU | ||
| 040 | _cIT-RoPAU | ||
| 999 |
_c98870 _d98870 |
||
| 999 | _bn.d. | ||
| 100 |
_aLast James _911420 |
||
| 100 |
_eAutore musica _911421 |
||
| 100 |
_gCodice autore musica SPICS: 10976 _911422 |
||
| 245 | _aBiscaya-James Last | ||
| 250 | _a1a ed. | ||
| 260 | _aITALIA | ||
| 260 |
_bPOLYDOR _c1982 [1a Ed.:1982] |
||
| 300 | _aDISCO | ||
| 300 | _c43 minuti (Testo: pag.) | ||
| 500 | _aMusica strumentale. Arrangiamento di brani diversi. | ||
| 505 | _aBeachrunner - Rain and Sun - The Morning After - Abends Im Schilf - Verlorener Sommer - Biscaya (5:00) - Diving [(Die Unterwasserwelt) (4:00)] - Shore Life (4:00) - The Calm Before the Storm (5:00) - Weekend Torn (4:00) - Empty Glasses (5:00) | ||
| 650 |
_aARRANGIAMENTO [DISCHI] _eCodice MATERIA SPICS: 9950 _911423 |
||
| 700 |
_aLast James _gCodice autore e interprete SPICS: 10976 _eAutore interprete _911424 |
||
| 700 |
_aBookwood William _gCodice autore musica SPICS: 15723 _eAutore musica _pBiscaya _911425 |
||
| 700 |
_aO'Malley Howard _gCodice autore SPICS: 15724 _eAutore _pBiscaya _911426 |
||
| 700 |
_aEggert Thomas _gCodice autore musica SPICS: 15725 _eAutore musica _pDiving (Die Unterwasserwelt) - Empty Glasses _911427 |
||
| 700 |
_aLast Ronald _gCodice autore musica SPICS: 15710 _eAutore musica _pShore Life - The Calm Before the Storm - Empty Glasses _911428 |
||
| 700 |
_aBowien Jimmy _gCodice autore musica SPICS: 15726 _eAutore musica _pWeekend Torn _911429 |
||
| 942 |
_cMD _2ddc |
||